[Event "2nd Serbia Open Masters 2022"]
[Site "Novi Sad"]
[Date "2022.07.03"]
[Round "6.4"]
[White "Puranik, Abhimanyu"]
[Black "Sturt, Raven"]
[Result "1/2-1/2"]
[WhiteElo "2608"]
[BlackElo "2438"]
[Annotator "TA"]
[PlyCount "144"]
[EventDate "2022.06.28"]
[EventType "swiss"]
[EventCountry "SRB"]
[SourceTitle "playchess.com"]
[Source "ChessBase"]
[SourceQuality "1"]
[TimeControl "40/5400+30:900+30"]

{[%evp 28,144,54,41,39,7,48,36,49,42,42,49,54,51,54,50,69,44,50,52,44,45,55,46,60,0,-18,-35,0,0,0,0,0,0,59,45,150,142,125,125,127,122,127,121,138,114,212,208,209,204,211,0,72,0,202,216,216,215,212,50,45,-78,-69,-1553,-76,-68,-77,-94,-27,-152,-50,-154,-154,-154,-143,-368,-147,-1250,-1229,-998,-880,-4150,-3259,-2104,-1451,-1862,-1656,-1470,-1224,-1023,-489,-441,-441,-441,-441,-360,-360,-441,-441,-441,-441,-441,-441,-29937,-12849,-989,-441,-441,0,-35,0,0,0,0,0,0,0,0,0]} 1. e4 {[%emt 0:00:27]} c5 {[%emt 0:00:03]} 2. Nf3 {[%emt 0:00:07]} d6 {[%emt 0:00:04]} 3. d4 {[%emt 0:00:04]} cxd4 {[%emt 0:00:03]} 4. Nxd4 {[%emt 0:00:04]} Nf6 {[%emt 0:00:06]} 5. Nc3 {[%emt 0:00:05]} g6 {[%emt 0:00:03]} 6. Be3 {[%emt 0:01:01]} Bg7 {[%emt 0:00:05]} 7. f3 {[%emt 0:00:06]} O-O {[%emt 0:00:05]} 8. Qd2 {[%emt 0:01:36]} Nc6 {[%emt 0:00:04]} 9. O-O-O {[%emt 0:01:26]} d5 {[%emt 0:00:04]} 10. exd5 {[%emt 0:03:20]} Nxd5 {[%emt 0:00:05]} 11. Nxc6 {[%emt 0:00:48]} bxc6 {[%emt 0:00:04]} 12. Bd4 {[%emt 0:00:37]} e5 {[%emt 0:00:06]} 13. Bc5 {[%emt 0:00:04]} Re8 {[%emt 0:00:04] is the new trend.} 14. Bc4 {[%emt 0:09:54]} Be6 {[%emt 0:01:04]} 15. Ne4 {[%emt 0:00:22]} Qc7 {[%emt 0:00:46] B76: Sicilian Dragon: Yugoslav Attack, 9 g4 and 9 0-0-0.} 16. h4 {[%emt 0:02:39][%cal Bh2h4,Bh4h5,Bh5h6][%mdl 32]} Red8 {[%emt 0:13:10]} 17. h5 {[%emt 0:28:01] [#]} Nf4 $146 {[%emt 0:24:47] White is slightly better.} ({Predecessor:} 17... Nf6 18. Nxf6+ Bxf6 19. Qe2 Bxc4 20. Qxc4 Rxd1+ 21. Kxd1 e4 22. hxg6 hxg6 23. c3 Qg3 24. Qxe4 Qxg2 {½-½ (31) Keller,T-Hartl,H LSS email 2006}) 18. Bd6 {[%emt 0:08:45]} Qc8 {[%emt 0:00:46]} 19. h6 {[%emt 0:06:23]} Bh8 {[%emt 0:09:35]} 20. g3 {[%emt 0:03:17]} Bxc4 {[%emt 0:07:29]} 21. gxf4 {[%emt 0:00:23]} Qf5 {[%emt 0:01:06]} 22. fxe5 {[%emt 0:05:02]} Bxe5 {[%emt 0:01:44]} 23. Rhe1 {[%emt 0:02:19]} Bh8 {[%emt 0:01:21]} (23... Qxf3 $2 24. Bxe5 (24. Ng5 Qxd1+ 25. Qxd1 Rxd6 $16) 24... Rxd2 25. Rxd2 $18) 24. Qe3 {[%emt 0:02:19]} Bd5 {[%emt 0:08:24]} (24... Qb5 25. b3 $18) 25. Bc7 {[%emt 0:00:15]} Rf8 {[%emt 0:01:52]} 26. Nc3 {[%emt 0:01:07]} (26. b3 $14) 26... Bxf3 $11 {[%emt 0:04:36]} 27. Rd2 {[%emt 0:07:46][%cal Bd1d2,Bd2e2,Be2e7][%mdl 32]} Bd5 {[%emt 0:03:57] This bishop pair is nice.} 28. Bd6 {[%emt 0:00:15]} Rfd8 {[%emt 0:02:20]} 29. Nxd5 {[%emt 0:01:15]} cxd5 {[%emt 0:00:02]} 30. Rde2 {[%emt 0:00:10][%cal Oe3e8] Intending Qe8+! and mate.} Qd7 {[%emt 0:04:33] Inhibits Qe8+.} (30... Rxd6 $2 31. Qe8+ $3 {[%mdl 512]} Rxe8 32. Rxe8#) (30... Bxb2+ $2 31. Kxb2 Qf6+ 32. Qe5 Qxe5+ 33. Rxe5 $18) (30... Qc8 $1 $11) 31. Qf4 $1 $14 {[%emt 0:02:55][%cal Oe2e7] Re7! is the strong threat.} Re8 {[%emt 0:04:31]} (31... Qxd6 $2 32. Qxd6 (32. Re8+ Rxe8 33. Rxe8+ Rxe8 $16) 32... Rf8 33. Re7 $18) (31... Bxb2+ 32. Kxb2 f6 33. Qxf6 $1 Qf7 34. Qd4 $1 Rab8+ 35. Bxb8 Qf8 36. Bd6 $1 {[%mdl 512]} Rxd6 37. Re8) (31... Qb5 $1 $14 32. Be5 Re8) 32. Re7 $16 {[%emt 0:00:45]} Rxe7 {[%emt 0:00:09]} 33. Rxe7 $40 {[%emt 0:00:06][%csl Ge7][%cal Rf4f7][%mdl 128] Black is in trouble.} Qf5 {[%emt 0:00:03]} 34. Qxf5 {[%emt 0:03:22] White is much more active.} gxf5 {[%emt 0:00:02][%mdl 4096] Endgame KRB-KRB} 35. Rd7 {[%emt 0:02:01]} Re8 {[%emt 0:07:26]} 36. Bf4 {[%emt 0:02:37]} Bf6 {[%emt 0:00:56]} (36... Kf8 $16 {is a better defense.}) 37. Rxa7 $18 {[%emt 0:01:49]} ({Much less strong is} 37. Rxd5 $6 Re4 38. Rc5 (38. Rxf5 $2 Rxf4 39. Ra5 Bd4 $19) 38... Kf8 39. Bd6+ (39. Rxf5 $2 Rxf4 40. Rc5 Bd4 $19) 39... Ke8 40. Rxf5 Re1+ 41. Kd2 Re6 $16) 37... Kf8 {[%emt 0:01:37]} 38. Bd6+ $1 {[%emt 0:01:12]} Kg8 {[%emt 0:00:02]} 39. Bf4 {[%emt 0:00:07] Against Bg5} (39. b4 $18 {is more deadly.}) 39... Kf8 $1 $16 {[%emt 0:00:02]} 40. Bd6+ {[%emt 0:00:00]} (40. Bd2 $16) 40... Kg8 $18 {[%emt 0:00:00]} 41. b4 {[%emt 0:12:27]} Bg5+ {[%emt 0:06:00]} 42. Kd1 $1 {[%emt 0:00:06]} f4 {[%emt 0:02:10]} 43. b5 $2 {[%emt 0:07:33]} (43. Bc5 $18) 43... f3 $1 $14 {[%emt 0:01:28]} 44. Bc5 {[%emt 0:00:55]} (44. Bg3 $1 $14 {was forced to keep a grip.}) 44... Bh4 $1 $17 {[%emt 0:02:32][%cal Od5d4]} 45. a4 $2 {[%emt 0:00:45][%mdl 8192] [#]} (45. Ra4 $15 f2 46. Rg4+ Kh8 47. Bd4+ f6 48. Bxf2 Bxf2 49. Rg7) 45... f2 $2 {[%emt 0:00:24]} (45... d4 $1 $19 46. Bxd4 Rd8) 46. Bxf2 {[%emt 0:00:02]} Bxf2 {[%emt 0:00:05] KRB-KR} 47. Rd7 {[%emt 0:00:08]} Be1 {[%emt 0:04:51]} (47... Bb6 $17 {Black wants to play ...d4.} 48. Rxd5 Kf8) 48. Kc1 {[%emt 0:01:22]} (48. c3 $1 $11 {was the only way to keep the balance.}) 48... f5 {[%emt 0:05:36]} (48... Bc3 $17 {[%cal Re8e1]} 49. Kb1 Kf8) 49. Rxd5 {[%emt 0:00:07]} (49. c4 $1 $15) 49... Bc3 {[%emt 0:02:25]} 50. Kb1 {[%emt 0:00:18]} Rf8 {[%emt 0:00:47]} 51. Ka2 $2 {[%emt 0:01:47] [#]} (51. b6 $17 {was necessary.}) 51... f4 $2 {[%emt 0:00:07]} (51... Ba5 $1 $19 {has better winning chances. Threatens to win with ...f4.} 52. Kb3 f4 53. Rg5+ Kh8) 52. Kb3 $2 {[%emt 0:00:07][%mdl 8192]} (52. b6 $17 Kf7 53. b7 (53. Rf5+ $2 Ke7 $19)) 52... Ba5 $19 {[%emt 0:00:19] Hoping for ...f3.} 53. Rg5+ {[%emt 0:00:25]} Kh8 {[%emt 0:00:37]} 54. c4 {[%emt 0:00:22]} Bb6 {[%emt 0:00:50]} 55. Rd5 {[%emt 0:00:27]} f3 {[%emt 0:00:05] And now ...f2 would win.} 56. Rd1 {[%emt 0:00:05]} f2 {[%emt 0:00:03]} 57. Rf1 {[%emt 0:00:02]} Bc5 {[%emt 0:01:50]} 58. a5 {[%emt 0:00:07]} Rf3+ {[%emt 0:00:03]} (58... Kg8 $142 59. b6 Kf7) 59. Kc2 {[%emt 0:01:23]} Kg8 {[%emt 0:00:25]} 60. b6 {[%emt 0:00:08]} Kf7 {[%emt 0:00:12]} 61. b7 {[%emt 0:00:24]} Ba7 {[%emt 0:00:08] aiming for ...Ke6.} 62. c5 {[%emt 0:00:55]} Ke6 {[%emt 0:00:07]} 63. Kd2 {[%emt 0:00:16]} Rf8 {[%emt 0:00:14]} 64. Ke2 {[%emt 0:00:43]} Bxc5 {[%emt 0:00:06]} 65. a6 {[%emt 0:00:24]} (65. Rd1 $19 Ba7 66. Kf1) 65... Ba7 {[%emt 0:02:24]} (65... Kd6 $142 66. Rb1 Kc7 67. Kf1 Rg8 68. Ke2 Re8+ 69. Kf1 Kb8 70. Rc1 Bb6 71. Rb1 Ka7 72. Rd1 Rg8 73. Ke2 Rg1 74. Rf1 Kb8 75. Rxf2 Bxf2 76. Kd2 Rg6 77. Kd3 Rxa6 78. Ke2 Rf6 79. Kd3 Rxh6 80. Ke2 Rf6 81. Kd3 h5 82. Ke4 h4 83. Ke5 Rb6 84. Kf4 h3 85. Kf3 Be1 86. Kg4 h2 87. Kf5 h1=Q 88. Kf4 Rf6+ 89. Ke3 Qd5 90. Ke2 Qd2#) 66. Rd1 {[%emt 0:00:10]} Ke7 {[%emt 0:00:39]} (66... Ke5 $142 {Strongly threatening ...Re8.} 67. Rb1 Kd6) 67. Kf1 {[%emt 0:00:43]} Ke6 $2 {[%emt 0:00:46]} ({Black should try} 67... Rg8 $19 {( -> ...Rg1+)} 68. Ke2 Ke6) 68. Rd2 {[%emt 0:00:42]} Ke5 {[%emt 0:00:08] White must now prevent ...Ke6.} (68... Rf6 $5 {[%cal Rf6f8]}) 69. Rc2 $1 {[%emt 0:00:40] The position is equal.} Rf4 {[%emt 0:00:37]} 70. Rb2 {[%emt 0:00:43]} Rf8 {[%emt 0:00:15]} 71. Rc2 $1 {[%emt 0:00:02]} Rf4 {[%emt 0:00:49]} 72. Rb2 {[%emt 0:00:06]} Rf8 {[%emt 0:00:34] Weighted Error Value: White=0.64/Black=0.50} 1/2-1/2

[Event "2nd Serbia Open Masters 2022"]
[Site "Novi Sad"]
[Date "2022.07.03"]
[Round "6.5"]
[White "Pranav Anand"]
[Black "Sanal, Vahap"]
[Result "1/2-1/2"]
[WhiteElo "2479"]
[BlackElo "2575"]
[Annotator "TA"]
[PlyCount "117"]
[EventDate "2022.06.28"]
[EventType "swiss"]
[EventCountry "SRB"]
[SourceTitle "playchess.com"]
[Source "ChessBase"]
[SourceQuality "1"]

1. d4 Nf6 2. c4 e6 3. Nc3 Bb4 4. Qc2 d5 5. a3 Bxc3+ 6. Qxc3 O-O 7. Bg5 dxc4 8. Qxc4 b6 9. Rd1 Ba6 10. Qa4 Bb7 11. f3 Qd5 12. Nh3 h6 13. Bf4 Qc6 14. Qb3 Qd5 15. Qc2 c5 16. e4 Qc6 17. dxc5 Nbd7 18. b4 bxc5 19. b5 Qb6 20. Qc3 e5 21. Be3 a6 22. a4 axb5 23. Bxb5 Qc7 24. O-O Bc6 25. Rb1 Rfb8 26. Rfc1 Rb7 27. Nf2 Rab8 28. Bxc5 Bxb5 29. axb5 Rxb5 30. Rxb5 Rxb5 31. Be3 Qxc3 32. Rxc3 Rb1+ 33. Rc1 Rxc1+ 34. Bxc1 Nc5 35. Kf1 Nfd7 36. Ke2 f6 37. Be3 Ne6 38. Nd3 h5 39. h4 Kf7 40. Kf2 Ndf8 41. g4 hxg4 42. fxg4 Ng6 43. Kg3 Ne7 44. g5 Nc8 45. Kg4 Nd6 46. gxf6 gxf6 47. h5 Kg7 48. Bg1 Nd8 49. Be3 Ne6 50. Bg1 Nd8 51. Be3 Kh7 52. Nc5 N8f7 53. Bc1 Kg7 54. Ne6+ Kg8 55. Nc5 Kh7 56. Be3 Kg7 57. Ne6+ Kg8 58. Nc5 Nc4 59. Bc1 1/2-1/2

[Event "2nd Serbia Open Masters 2022"]
[Site "Novi Sad"]
[Date "2022.07.03"]
[Round "6.6"]
[White "Harsha Bharathakoti"]
[Black "Vaishali R"]
[Result "1-0"]
[WhiteElo "2547"]
[BlackElo "2409"]
[Annotator "TA"]
[PlyCount "133"]
[EventDate "2022.06.28"]
[EventType "swiss"]
[EventCountry "SRB"]
[SourceTitle "playchess.com"]
[Source "ChessBase"]
[SourceQuality "1"]

1. Nf3 Nf6 2. b3 g6 3. Bb2 Bg7 4. e3 O-O 5. d4 d5 6. Nbd2 b6 7. c4 Bb7 8. Rc1 Nbd7 9. cxd5 Nxd5 10. Bc4 c5 11. O-O Rc8 12. Qe2 cxd4 13. Nxd4 Ne5 14. Rfd1 Nxc4 15. Nxc4 Qc7 16. Nb5 Qb8 17. Bxg7 Kxg7 18. e4 Nf4 19. Qe3 Rc5 20. a4 Rh5 21. g3 Nh3+ 22. Kf1 a6 23. Nd4 b5 24. axb5 axb5 25. Nd2 e5 26. Nc6 Bxc6 27. Rxc6 Rd8 28. Rdc1 Rd7 29. Rc8 Qd6 30. Nf3 g5 31. R8c6 Qe7 32. Qc5 f6 33. Qxe7+ Rxe7 34. Rc7 Kf7 35. Rxe7+ Kxe7 36. Rc5 g4 37. Nd2 Rg5 38. Rxb5 Rg8 39. Rb7+ Ke6 40. Rb6+ Kf7 41. Rb7+ Kg6 42. b4 Ra8 43. b5 Ra2 44. Rd7 Rb2 45. Rd5 Ng5 46. Ke1 Rb4 47. Ke2 Nxe4 48. Nxe4 Rxe4+ 49. Kd3 Rb4 50. Kc3 Rb1 51. Kc2 Rb4 52. Kc3 Rb1 53. Kc4 Rb2 54. Rd3 Rxf2 55. b6 Rb2 56. Rb3 Rc2+ 57. Kd5 Rc8 58. b7 Rb8 59. Kd6 Kf5 60. Kc7 Re8 61. b8=Q Rxb8 62. Rxb8 Ke4 63. Kd6 Kf3 64. Ke6 e4 65. Kxf6 e3 66. Kg5 e2 67. Re8 1-0

[Event "2nd Serbia Open Masters 2022"]
[Site "Novi Sad"]
[Date "2022.07.03"]
[Round "6.7"]
[White "Budisavljevic, Luka"]
[Black "Babazada, Khazar"]
[Result "1/2-1/2"]
[WhiteElo "2507"]
[BlackElo "2431"]
[Annotator "TA"]
[PlyCount "37"]
[EventDate "2022.06.28"]
[EventType "swiss"]
[EventCountry "SRB"]
[SourceTitle "playchess.com"]
[Source "ChessBase"]
[SourceQuality "1"]

1. d4 d5 2. Nf3 Nf6 3. e3 Bf5 4. c4 c6 5. Nc3 e6 6. Nh4 Be4 7. f3 Bg6 8. Qb3 Qc7 9. Bd2 Be7 10. Nxg6 hxg6 11. O-O-O dxc4 12. Bxc4 b5 13. Be2 a6 14. Ne4 Nbd7 15. Kb1 Nxe4 16. fxe4 c5 17. e5 Rc8 18. Rc1 Nb6 19. Ba5 1/2-1/2

[Event "2nd Serbia Open Masters 2022"]
[Site "Novi Sad"]
[Date "2022.07.03"]
[Round "6.8"]
[White "Muradli, Mahammad"]
[Black "Padmini, Rout"]
[Result "1-0"]
[WhiteElo "2539"]
[BlackElo "2348"]
[Annotator "TA"]
[PlyCount "83"]
[EventDate "2022.06.28"]
[EventType "swiss"]
[EventCountry "SRB"]
[SourceTitle "playchess.com"]
[Source "ChessBase"]
[SourceQuality "1"]

1. d4 Nf6 2. c4 g6 3. h4 Bg7 4. Nc3 d6 5. e4 O-O 6. Be2 c5 7. d5 e6 8. h5 exd5 9. h6 Bh8 10. exd5 Re8 11. Bg5 Qb6 12. b3 Ne4 13. Nxe4 Rxe4 14. Kf1 Re8 15. Rc1 Nd7 16. Nf3 f5 17. Bd2 Nf6 18. Bc3 Ne4 19. Bxh8 Kxh8 20. Bd3 Qd8 21. Qc2 Qf6 22. Rh4 g5 23. Rh5 g4 24. Bxe4 fxe4 25. Ne1 g3 26. Qc3 Re5 27. Rc2 Bf5 28. Qe3 Rf8 29. Kg1 Ree8 30. Rg5 gxf2+ 31. Rxf2 Qd4 32. Qxd4+ cxd4 33. Rgxf5 Rxf5 34. Rxf5 d3 35. Kf2 e3+ 36. Kf3 d2 37. Ke2 Rg8 38. c5 dxe1=Q+ 39. Kxe1 dxc5 40. d6 Rd8 41. Rf7 Kg8 42. Rg7+ 1-0

[Event "2nd Serbia Open Masters 2022"]
[Site "Novi Sad"]
[Date "2022.07.03"]
[Round "6.9"]
[White "Injac, Teodora"]
[Black "Aditya Mittal"]
[Result "1/2-1/2"]
[WhiteElo "2384"]
[BlackElo "2490"]
[Annotator "TA"]
[PlyCount "108"]
[EventDate "2022.06.28"]
[EventType "swiss"]
[EventCountry "SRB"]
[SourceTitle "playchess.com"]
[Source "ChessBase"]
[SourceQuality "1"]

1. Nf3 Nf6 2. g3 c5 3. Bg2 Nc6 4. c4 d5 5. cxd5 Nxd5 6. d4 cxd4 7. Nxd4 Ndb4 8. Nxc6 Qxd1+ 9. Kxd1 Nxc6 10. Nc3 Bf5 11. Bxc6+ bxc6 12. f3 e5 13. e4 Bh3 14. Ke2 Rb8 15. b3 Bb4 16. Na4 f5 17. exf5 O-O 18. Be3 e4 19. fxe4 Rbe8 20. Kf3 h5 21. Bc5 Bxf5 22. exf5 Rxf5+ 23. Kg2 Re2+ 24. Kh3 Bxc5 25. Nxc5 Rxc5 26. Rac1 Rcc2 27. Rxc2 Rxc2 28. Kh4 Rxa2 29. Kxh5 Rb2 30. Rc1 Rxh2+ 31. Kg5 Rb2 32. Rc3 Kh7 33. g4 a5 34. Rh3+ Kg8 35. Rc3 Kf7 36. Rf3+ Ke6 37. Kg6 Rg2 38. Rf4 Rg3 39. Re4+ Kd6 40. Kxg7 Rxb3 41. g5 Rb4 42. Re1 Rg4 43. g6 a4 44. Kf7 Rf4+ 45. Ke8 Rg4 46. Kf7 Kc5 47. g7 a3 48. g8=Q Rxg8 49. Kxg8 Kb4 50. Kf7 a2 51. Ke6 Kb3 52. Kd6 Kb2 53. Kxc6 a1=Q 54. Rxa1 Kxa1 1/2-1/2

[Event "2nd Serbia Open Masters 2022"]
[Site "Novi Sad"]
[Date "2022.07.03"]
[Round "6.10"]
[White "Kushagra Mohan"]
[Black "Koustav Chatterjee"]
[Result "1/2-1/2"]
[WhiteElo "2343"]
[BlackElo "2485"]
[Annotator "TA"]
[PlyCount "81"]
[EventDate "2022.06.28"]
[EventType "swiss"]
[EventCountry "SRB"]
[SourceTitle "playchess.com"]
[Source "ChessBase"]
[SourceQuality "1"]

1. e4 e5 2. Nf3 Nc6 3. Bc4 Nf6 4. d4 exd4 5. e5 Ne4 6. Qe2 Nc5 7. c3 d3 8. Qe3 Be7 9. O-O d5 10. exd6 cxd6 11. Rd1 O-O 12. b4 d5 13. Bb5 Ne6 14. Bxd3 Bf6 15. b5 Nb4 16. Bf5 Re8 17. Qd2 Nc5 18. cxb4 Bxf5 19. bxc5 Bxa1 20. Nc3 Rc8 21. Qd4 Qc7 22. Be3 Rxe3 23. fxe3 Bxc3 24. Qxc3 Qxc5 25. Qe5 Be4 26. Nd4 Qa3 27. Qg3 h6 28. h4 Qxa2 29. Rf1 a5 30. Rf2 Qa3 31. b6 Qe7 32. Nb5 Rc1+ 33. Kh2 Rc6 34. Na7 Rg6 35. Nc8 Qd8 36. Qc7 Qxh4+ 37. Kg1 Rf6 38. Rxf6 gxf6 39. Nd6 Qe1+ 40. Kh2 Qh4+ 41. Kg1 1/2-1/2

[Event "2nd Serbia Open Masters 2022"]
[Site "Novi Sad"]
[Date "2022.07.03"]
[Round "6.11"]
[White "Fataliyeva, Ulviyya"]
[Black "Pranav Vijay"]
[Result "1/2-1/2"]
[WhiteElo "2348"]
[BlackElo "2265"]
[Annotator "TA"]
[PlyCount "84"]
[EventDate "2022.06.28"]
[EventType "swiss"]
[EventCountry "SRB"]
[SourceTitle "playchess.com"]
[Source "ChessBase"]
[SourceQuality "1"]

1. d4 Nf6 2. c4 e6 3. g3 Bb4+ 4. Nd2 d5 5. Bg2 O-O 6. Ngf3 dxc4 7. O-O b5 8. a4 c6 9. axb5 cxb5 10. Ng5 Nd5 11. e4 Qxg5 12. exd5 exd5 13. Nxc4 Qd8 14. Ne3 Be6 15. f4 f6 16. Bd2 Bxd2 17. Qxd2 a6 18. Qb4 Nc6 19. Qc5 Ne7 20. Rfc1 Rc8 21. Qa3 Nc6 22. Qxa6 Nxd4 23. Rd1 Rc6 24. Qa5 Nc2 25. Nxc2 Rxc2 26. Qxb5 Qb8 27. Qxb8 Rxb8 28. b3 Rxb3 29. f5 Rxg2+ 30. Kxg2 Bxf5 31. Ra7 Be4+ 32. Kg1 h5 33. Rd7 Rb2 34. Rc1 Rg2+ 35. Kf1 Rxh2 36. Rcc7 Kh7 37. Rxg7+ Kh6 38. Rg8 d4 39. Rf7 Rh1+ 40. Kf2 Rh2+ 41. Kf1 Rh1+ 42. Kf2 Rh2+ 1/2-1/2

[Event "2nd Serbia Open Masters 2022"]
[Site "Novi Sad"]
[Date "2022.07.03"]
[Round "6.12"]
[White "Samadov, Read"]
[Black "Predke, Alexandr"]
[Result "1/2-1/2"]
[WhiteElo "2442"]
[BlackElo "2688"]
[Annotator "TA"]
[PlyCount "76"]
[EventDate "2022.06.28"]
[EventType "swiss"]
[EventCountry "SRB"]
[SourceTitle "playchess.com"]
[Source "ChessBase"]
[SourceQuality "1"]

1. d4 Nf6 2. c4 e6 3. Nf3 d5 4. g3 Be7 5. Bg2 O-O 6. O-O c6 7. Qc2 b6 8. Bf4 Bb7 9. Rd1 Nh5 10. Bc1 Nf6 11. Bf4 Nh5 12. Bc1 f5 13. Nc3 Nd7 14. b3 Rc8 15. a4 a5 16. e3 g5 17. Bb2 Rf7 18. Ne2 Qf8 19. Ne5 Nxe5 20. dxe5 f4 21. Nd4 Qh6 22. cxd5 fxe3 23. fxe3 cxd5 24. Qe2 Ng7 25. g4 Rcf8 26. Rf1 Qg6 27. Rxf7 Rxf7 28. Nb5 Ne8 29. Bd4 Bc5 30. Rc1 Qg7 31. Qb2 Qf8 32. Bxc5 bxc5 33. Qc2 Qg7 34. Qxc5 Qxe5 35. Qd4 Qb8 36. Qb6 Qe5 37. Qd4 Qb8 38. Qb6 Qe5 1/2-1/2

[Event "2nd Serbia Open Masters 2022"]
[Site "Novi Sad"]
[Date "2022.07.03"]
[Round "6.13"]
[White "Sarana, Alexey"]
[Black "Agmanov, Zhandos"]
[Result "1-0"]
[WhiteElo "2675"]
[BlackElo "2420"]
[Annotator "TA"]
[PlyCount "71"]
[EventDate "2022.06.28"]
[EventType "swiss"]
[EventCountry "SRB"]
[SourceTitle "playchess.com"]
[Source "ChessBase"]
[SourceQuality "1"]

1. d4 Nf6 2. c4 e6 3. Nc3 Bb4 4. Qc2 d5 5. a3 Bxc3+ 6. Qxc3 O-O 7. Nf3 dxc4 8. Qxc4 b6 9. Bg5 Ba6 10. Qa4 Bb7 11. e3 Nbd7 12. Bb5 c5 13. O-O a6 14. Be2 b5 15. Qd1 Qb6 16. dxc5 Qxc5 17. Rc1 Qb6 18. Qd4 Qxd4 19. Nxd4 Rfc8 20. f3 Bd5 21. Rfd1 h6 22. Bh4 Nb6 23. Kf2 Bc4 24. e4 Nh5 25. b3 Bxe2 26. Nxe2 Rxc1 27. Rxc1 Rc8 28. Rxc8+ Nxc8 29. g4 Nf6 30. Bxf6 gxf6 31. Ke3 Nb6 32. Kd4 Nd7 33. Kc3 Kf8 34. Kb4 Ke7 35. Ka5 Kd6 36. b4 1-0

[Event "2nd Serbia Open Masters 2022"]
[Site "Novi Sad"]
[Date "2022.07.03"]
[Round "6.14"]
[White "Assaubayeva, Bibisara"]
[Black "Demchenko, Anton"]
[Result "0-1"]
[WhiteElo "2439"]
[BlackElo "2654"]
[Annotator "TA"]
[PlyCount "78"]
[EventDate "2022.06.28"]
[EventType "swiss"]
[EventCountry "SRB"]
[SourceTitle "playchess.com"]
[Source "ChessBase"]
[SourceQuality "1"]

1. d4 Nf6 2. c4 g6 3. Nc3 Bg7 4. e4 d6 5. h3 O-O 6. Be3 Nbd7 7. Nf3 e5 8. d5 Nc5 9. Nd2 a5 10. Be2 Bd7 11. Qc2 b6 12. g4 a4 13. a3 c6 14. f3 Rc8 15. O-O h5 16. Kg2 Nh7 17. b4 axb3 18. Nxb3 Nxb3 19. Qxb3 c5 20. Bd3 Bf6 21. Rfb1 Rb8 22. Qc2 Bg5 23. Bf2 Kg7 24. a4 Rh8 25. a5 bxa5 26. Rxb8 Qxb8 27. Rxa5 hxg4 28. hxg4 Nf6 29. Ra1 Bf4 30. Bg3 Bxg3 31. Kxg3 Qd8 32. Rg1 Nxg4 33. fxg4 Qg5 34. Kf2 Rh2+ 35. Rg2 Qh4+ 36. Kf1 Rh1+ 37. Rg1 Qh3+ 38. Qg2 Qxd3+ 39. Ne2 Rh3 0-1

[Event "2nd Serbia Open Masters 2022"]
[Site "Novi Sad"]
[Date "2022.07.03"]
[Round "6.15"]
[White "Neelash Saha"]
[Black "Jumabayev, Rinat"]
[Result "1/2-1/2"]
[WhiteElo "2439"]
[BlackElo "2628"]
[Annotator "TA"]
[PlyCount "198"]
[EventDate "2022.06.28"]
[EventType "swiss"]
[EventCountry "SRB"]
[SourceTitle "playchess.com"]
[Source "ChessBase"]
[SourceQuality "1"]

1. e4 e5 2. Nf3 Nc6 3. Bc4 Nf6 4. d3 Be7 5. O-O O-O 6. Re1 d6 7. c3 Na5 8. Bb5 a6 9. Ba4 b5 10. Bc2 c5 11. Nbd2 Re8 12. Nf1 Bb7 13. Ng3 Bf8 14. d4 exd4 15. cxd4 cxd4 16. Nxd4 g6 17. b3 Bg7 18. Bb2 Rc8 19. Qd2 d5 20. Ngf5 gxf5 21. Nxf5 Nh5 22. e5 Rxc2 23. Qxc2 d4 24. Nd6 Qg5 25. Nxb7 Nxb7 26. Qc6 Rb8 27. Bxd4 Nf4 28. Qf3 Nd8 29. h4 Qf5 30. Rad1 Nde6 31. g3 Qh3 32. Bb2 Ng6 33. Qg2 Qf5 34. Qe4 Qh3 35. Qg2 Qf5 36. Qe4 Qxe4 37. Rxe4 h5 38. Re2 Bf8 39. Rc2 a5 40. Kg2 a4 41. bxa4 bxa4 42. Re1 Rb5 43. Re4 a3 44. Bc1 Nxe5 45. Rc8 Kg7 46. Ra8 Ng4 47. Re2 Bc5 48. Bxa3 Bd4 49. Ra4 Bc3 50. Rc4 Bf6 51. Rb4 Ra5 52. Bb2 Nc5 53. Bxf6+ Kxf6 54. Rd4 Ne6 55. Rc4 Ne5 56. Rce4 Nd3 57. Rd2 Kf5 58. Rxe6 Kxe6 59. Rxd3 Rxa2 60. Rd8 f6 61. Rh8 Ra5 62. Rh7 Rb5 63. f3 Ra5 64. Kh3 Rf5 65. Kg2 Ra5 66. Rb7 Kf5 67. Rb3 Kg6 68. g4 Ra4 69. Kg3 hxg4 70. fxg4 Ra7 71. Rb4 Rc7 72. Kf4 Ra7 73. h5+ Kg7 74. Rb5 Rc7 75. Kf5 Ra7 76. Rd5 Rb7 77. Ke6 Rb6+ 78. Rd6 Rb4 79. Rd7+ Kh6 80. Kf5 Rb1 81. Kxf6 Rf1+ 82. Ke5 Re1+ 83. Kd5 Rd1+ 84. Ke6 Rg1 85. Rd4 Kg5 86. Kf7 Ra1 87. Rd7 Ra4 88. Kg7 Rxg4 89. h6 Kh5+ 90. Kh7 Rg5 91. Rf7 Ra5 92. Re7 Rb5 93. Rd7 Ra5 94. Rf7 Rb5 95. Rf6 Rb7+ 96. Kg8 Rb8+ 97. Kg7 Rb7+ 98. Rf7 Rxf7+ 99. Kxf7 Kxh6 1/2-1/2

[Event "2nd Serbia Open Masters 2022"]
[Site "Novi Sad"]
[Date "2022.07.03"]
[Round "6.16"]
[White "Piorun, Kacper"]
[Black "Urazayev, Arystanbek"]
[Result "0-1"]
[WhiteElo "2635"]
[BlackElo "2445"]
[Annotator "TA"]
[PlyCount "96"]
[EventDate "2022.06.28"]
[EventType "swiss"]
[EventCountry "SRB"]
[SourceTitle "playchess.com"]
[Source "ChessBase"]
[SourceQuality "1"]

1. Nf3 Nf6 2. g3 g6 3. Bg2 Bg7 4. O-O O-O 5. d4 d6 6. c4 Bf5 7. Nc3 Ne4 8. Nd5 c6 9. Ne3 Be6 10. Qc2 f5 11. Rd1 Nd7 12. b3 Ndf6 13. Ne1 Qb6 14. Bb2 Bh6 15. Nf1 Ng5 16. Nd3 Bd7 17. Nd2 Bg7 18. e3 Nf7 19. Rac1 Qc7 20. b4 e5 21. dxe5 dxe5 22. Nc5 Bc8 23. b5 e4 24. bxc6 Qxc6 25. Ncb3 Bd7 26. c5 Qc7 27. Nd4 h5 28. Qb3 Kh7 29. Nc4 h4 30. Nd6 Nd8 31. N4b5 Bxb5 32. Qxb5 Qe7 33. Rd2 Rb8 34. Rcd1 Nc6 35. Qc4 Rbd8 36. f3 h3 37. Bxh3 exf3 38. Qh4+ Bh6 39. Nxf5 gxf5 40. Bxf5+ Kg7 41. Qh5 Qxe3+ 42. Kh1 Ne7 43. Qg4+ Bg5 44. Bd3 Rh8 45. h4 Kf8 46. Qc4 Nf5 47. Bxf6 Nxg3+ 48. Kh2 Bxf6 0-1

[Event "2nd Serbia Open Masters 2022"]
[Site "Novi Sad"]
[Date "2022.07.03"]
[Round "6.17"]
[White "Nogerbek, Kazybek"]
[Black "Indjic, Aleksandar"]
[Result "0-1"]
[WhiteElo "2424"]
[BlackElo "2621"]
[Annotator "TA"]
[PlyCount "108"]
[EventDate "2022.06.28"]
[EventType "swiss"]
[EventCountry "SRB"]
[SourceTitle "playchess.com"]
[Source "ChessBase"]
[SourceQuality "1"]

1. Nf3 Nf6 2. c4 c5 3. Nc3 Nc6 4. g3 d5 5. d4 e6 6. cxd5 Nxd5 7. Bg2 cxd4 8. Nxd4 Nxc3 9. bxc3 Nxd4 10. cxd4 Bb4+ 11. Kf1 O-O 12. Rb1 Qe7 13. Qb3 Bd6 14. Bf3 Rb8 15. Kg2 b5 16. e4 f6 17. Bd2 b4 18. Rhc1 a5 19. Kg1 Bd7 20. Qe3 e5 21. d5 g6 22. Qe2 f5 23. exf5 gxf5 24. Bh6 Rfc8 25. Bg2 Qf6 26. Bd2 Rf8 27. f4 e4 28. Be3 Bb5 29. Qb2 Qxb2 30. Rxb2 Rfc8 31. Re1 Rc3 32. Bf2 Kf7 33. g4 Bxf4 34. gxf5 e3 35. Bh4 Rg8 36. Kh1 Rd3 37. Bf3 Bc4 38. Rc2 Bxd5 39. Bxd5+ Rxd5 40. Rc4 Rg4 41. Bg5 Rxg5 42. Rxf4 Rdxf5 43. Rxf5+ Rxf5 44. Rxe3 a4 45. Kg2 Rb5 46. Re2 b3 47. axb3 axb3 48. Rb2 Ke6 49. Kf2 Kd5 50. Ke3 Kc4 51. Kd2 Ra5 52. Kc1 Ra1+ 53. Rb1 Ra2 54. Rb2 Kc3 0-1